| 000 | 01147nac a22002531u 4500 | ||
|---|---|---|---|
| 010 | _a 2003069748 | ||
| 020 | _a0521839556 | ||
| 082 | 0 | 0 |
_a330.95367 _bM7811 |
| 090 |
_c2334 _d2334 |
||
| 100 | _aMoore, Pete W. | ||
| 245 | 1 | 0 |
_aDoing business in the Middle East : _bpolitics and economic crisis in Jordan und Kuwait / _cPete W. Moore. |
| 260 |
_aCambridge, UK ; _aNew York, N.Y. : _bCambridge University Press,2004 _c2004. |
||
| 300 |
_axii, 215 p. ; _c24 cm. |
||
| 440 | 0 |
_aCambridge Middle East studies ; _v20 |
|
| 504 | _aIncludes bibliographical references and index. | ||
| 651 | 0 |
_aKuwait _xEconomic conditions. |
|
| 651 | 0 |
_aJordan _xEconomic conditions. |
|
| 651 | 0 |
_aKuwait _xPolitics and government. |
|
| 651 | 0 |
_aJordan _xPolitics and government. |
|
| 856 | 4 | 2 |
_3Publisher description _uhttp://www.loc.gov/catdir/description/cam041/2003069748.html |
| 856 | 4 | 2 |
_3Table of contents _uhttp://www.loc.gov/catdir/toc/cam041/2003069748.html |
| 942 |
_cBB _k330.95367M7811 |
||
| 999 |
_c2334 _d2334 |
||